00848 2200313 4500001002100000005001500021035002000036007000300056040001700059100002300076245005300099250001200152300003200164020002200196041000800218082001000226084001600236090002200252264003900274336002100313337003000334338002300364650002200387700003800409850001000447008004100457990001800498990001800516INLIS00000000000748320260602011526 a0010-0822000457ta aSBPUPADbind0 aMulyatiePengarang1 aMasakan Lauk-Pauk Sayuran dan Tumisan /cMulyati a.-cet.1 a149 hlm :bilus. ;c17,5 cm a978-978-098-043-307aind a641.5 a641.5 MUL m a641.5 MUL m L20-9 a.-- Jakarta :bRineka Cipta,c2012 2rdacontentateks 2rdamediaatanpa perantara 2rdacarrieravolume 4aMasakan Indonesia0 aPengarang ke-2 AsnidarePengarang aPUPAD260602 0  a14743/Br/2014 a14742/Br/2014